Online Catalogue and eLibrary

The history of doing : (Record no. 1917)

MARC details
000 -LEADER
fixed length control field 00296nam a2200097Ia 4500
008 - FIXED-LENGTH DATA ELEMENTS--GENERAL INFORMATION
fixed length control field 240331s9999 xx 000 0 und d
082 ## - DDC Classification
Item Number - Author Mark KUM
100 ## - MAIN ENTRY--PERSONAL NAME
Personal name Kumar, R
245 #4 - TITLE STATEMENT
Title The history of doing :
Remainder of title an illustrated account of movements for women's rights and feminism in India 1800-1990
942 ## - Koha item type (Biblio)
Koha item type Books in Stacks (Lending)
Holdings
Lost status Damaged status Collection code Home library Current library Shelving location Date acquired Full call number Accession Number Item type
    Lending WERC Library WERC Library Social Science Cupboard 03/31/2024 305.42 KUM 3176 Books in Stacks (Lending)

© WERC Library